书目信息 |
| 题名: |
参考地图册
|
|
| 作者: | ;地图出版社 编 | |
| 分册: | ||
| 出版信息: | 北京 地图出版社 1980 |
|
| 页数: | 65页 | |
| 开本: | 19cm | |
| 丛书名: | ||
| 单 册: | ||
| 中图分类: | K99 | |
| 科图分类: | ||
| 主题词: | 地理集--中学--教学参考资料 , 地图 | |
| 电子资源: | ||
| ISBN: | ||
| 000 | 00678nam2 2200265 45 | |
| 001 | 0180001044 | |
| 005 | 20040513165409.2 | |
| 010 | @dCNY0.52 | |
| 091 | @a12014.1006 | |
| 100 | @a19950413d1980 em y0chiy0121 ea | |
| 101 | 0 | @achi |
| 102 | @aCN@b110000 | |
| 105 | @ab 000yy | |
| 106 | @ar | |
| 200 | 10 | @a参考地图册@Acan kao de tu ce@f地图出版社编制 |
| 210 | @a北京@c地图出版社@d1980 | |
| 215 | @a65页@d19cm | |
| 300 | @a中学地理复习用 | |
| 606 | @a地理集@x中学@x教学参考资料 | |
| 606 | 0 | @a地图 |
| 690 | @aK99 | |
| 711 | 02 | @a地图出版社@Ade tu chu ban she@4编 |
| 801 | 0 | @aCN@b上海图书馆@c20040513 |
| 801 | 2 | @aCN@bNLC@c20040513 |
| 905 | @f1@b57043@dK99@e21 | |
| 参考地图册/地图出版社编制.-北京:地图出版社,1980 |
| 65页;19cm |
| 中学地理复习用 |
| ISBN :CNY0.52 |
| ● |
| 相关链接 |
|
|
|
|
正题名:参考地图册
索取号:K99/21
 
预约/预借
| 序号 | 登录号 | 条形码 | 馆藏地/架位号 | 状态 | 备注 |
| 1 | 0057043 | 000077909 | 密集书库/ [索取号:K99/21] | 在馆 |